Short and Easy General Knowledge - Statistics

General Stats
  • This quiz has been taken 133 times
  • The average score is 6 of 21
Answer Stats
Clue Answer % Correct
First U.S. State alphabetically Alabama
71%
Ran 200 metres in 19.19 seconds Usain Bolt
65%
Fish out of ...... Water
65%
Capital of Jamaica Kingston
59%
Number of squares on a chess board 64
55%
Sport you get an albatross Golf
45%
Cube root of 729 Nine
43%
Number of vertebrae on a giraffe Seven
36%
"The Jungle Book" author Rudyard Kipling
35%
The country Gareth Bale plays football for Wales
32%
Muhammad Ali's given name Cassius Clay
30%
Number of white keys on a grand piano 52
21%
Saturn's biggest moon Titan
20%
Lightest metal Lithium
16%
Abraham's first son Ishmael
9%
Robin Hood's cousin Will Scarlet
8%
Elsa's snow monster's name Marshmallow
6%
Longest serving Australian Prime Minister Robert Menzies
6%
Lewis Carroll's given name Charles Lutwidge Dodgson
4%
Movie about brain surgeon Ben Carson Gifted Hands
2%
Name of the first "Blackbird" plane SR-71
2%
No matching quizzes found
Score Distribution
Percent of People with Each Score
Percentile by Number Answered
Your Score History
You have not taken this quiz